000 00857nam0a22002651 4500
001 rc\848147
005 20250622015127.0
035 _a(NLR Aleph) 006028973
090 _a7508164
_c7508164
100 _a20041129d1984 |||y0rusy50 ca
101 0 _arus
102 _aRU
105 _aa |||||||||
200 1 _aМногогранники
210 _aКиев
_cВища школа
_d1984
215 _a86 с.
_cил.
_d20
225 1 _aБиблиотечка физико-математической школы
_iМатематика
320 _aБиблиогр.: с. 85 (11 назв.)
700 1 _aБескин
_bЛ.Н.
_gЛеонид Николаевич
701 1 _aБескин
_bВ.Л.
_gВалентин Леонидович
801 0 _aRU
_bNLR
_gpsbo
801 1 _aRU
_bELAR
_2rusmarc
852 _aNLR
_j84-4/15518
942 _cBOOK
980 _aNB